| 000 | 01221cad a22002535a 4500 | ||
|---|---|---|---|
| 001 | E147608 | ||
| 008 | 090528s2009 xxk f lf000 0 eng d | ||
| 035 | _a(Sirsi) u147608 | ||
| 041 | 0 | _aeng | |
| 050 | 0 | 4 | _a711.1 $2 18 |
| 110 | 2 |
_aUnited Kingdom _kLaws, etc. _95044 |
|
| 245 | 0 | 4 |
_aThe Town and Country Planning (General Development Procedure) (Amendment) (No. 2) (England) Order 2009 _h[electronic resource] |
| 260 |
_aLondon _bOPSI _c2009 |
||
| 490 | 0 |
_aSI _v2009: 1304 |
|
| 520 | _aAmends article 2B of the Town and Country Planning (General Development Procedure) Order 1995, to remove those provisions which relate to local development orders implementing policies in local development plans or development plan documents. Comes into force 23 June 2009. | ||
| 521 | _aAdvanced | ||
| 590 | _aKA NTK | ||
| 650 | 2 | 4 | _aTOWN AND COUNTRY PLANNING (GENERAL DEVELOPMENT PROCEDURE) (AMENDMENT) (NO. 2) (ENGLAND) ORDER 2009 |
| 650 | 2 | 4 | _aTOWN AND COUNTRY PLANNING (GENERAL DEVELOPMENT PROCEDURE) ORDER 1995 |
| 651 | 4 |
_aEngland _y886- |
|
| 690 |
_aPlanning and development _96259 |
||
| 856 | 4 | 0 |
_uhttps://www.opsi.gov.uk/si/si2009/uksi_20091304_en_1 _zView the item free of charge at www.opsi.gov.uk... |
| 942 | _n0 | ||
| 999 |
_c109650 _d109650 |
||